Astrophysical hydrodynamics (Record no. 16806)
[ view plain ]
| 000 -LEADER | |
|---|---|
| fixed length control field | 00690nam a2200229Ia 4500 |
| 003 - CONTROL NUMBER IDENTIFIER | |
| control field | IN-BaIIA |
| 008 - FIXED-LENGTH DATA ELEMENTS--GENERAL INFORMATION | |
| fixed length control field | 211028s9999 xx 000 0 eng d |
| 020 ## - INTERNATIONAL STANDARD BOOK NUMBER | |
| International Standard Book Number | 978-3-527-40669-2 |
| 040 ## - CATALOGING SOURCE | |
| Transcribing agency | IIA Library |
| 080 ## - UNIVERSAL DECIMAL CLASSIFICATION NUMBER | |
| Universal Decimal Classification number | 52:532.5 |
| Item number | SHO |
| 100 ## - MAIN ENTRY--PERSONAL NAME | |
| Personal name | Shore, Steven N |
| 9 (RLIN) | 18601 |
| 245 #0 - TITLE STATEMENT | |
| Title | Astrophysical hydrodynamics |
| Remainder of title | an introduction |
| Statement of responsibility, etc. | Steven N. Shore |
| 250 ## - EDITION STATEMENT | |
| Edition statement | 2nd ed. |
| 260 ## - PUBLICATION, DISTRIBUTION, ETC. | |
| Place of publication, distribution, etc. | Weinheim |
| Name of publisher, distributor, etc. | Wiley-VCH Verlag Gmbh |
| Date of publication, distribution, etc. | 2007 |
| 300 ## - PHYSICAL DESCRIPTION | |
| Extent | xx, 451p. |
| 490 ## - SERIES STATEMENT | |
| Series statement | Physics text book |
| 650 ## - SUBJECT ADDED ENTRY--TOPICAL TERM | |
| Topical term or geographic name entry element | Astrophysical flows |
| 9 (RLIN) | 31373 |
| 650 ## - SUBJECT ADDED ENTRY--TOPICAL TERM | |
| Topical term or geographic name entry element | Astrophysics |
| 9 (RLIN) | 794 |
| 650 ## - SUBJECT ADDED ENTRY--TOPICAL TERM | |
| Topical term or geographic name entry element | Fluid motion |
| 9 (RLIN) | 31374 |
| 650 ## - SUBJECT ADDED ENTRY--TOPICAL TERM | |
| Topical term or geographic name entry element | Hydrodynamics |
| 9 (RLIN) | 1514 |
| 942 ## - ADDED ENTRY ELEMENTS (KOHA) | |
| Koha item type | Books |
| Withdrawn status | Lost status | Damaged status | Not for loan | Home library | Current library | Shelving location | Date acquired | Source of acquisition | Cost, normal purchase price | Total Checkouts | Full call number | Barcode | Date last seen | Cost, replacement price | Price effective from | Koha item type | Purchase Price |
|---|---|---|---|---|---|---|---|---|---|---|---|---|---|---|---|---|---|
| IIA Library-Bangalore | IIA Library-Bangalore | General Stacks | 20/03/2008 | SH | 2532.79 | 52:532.5/ SHO | 17728 | 05/11/2021 | 2532.79 | 20/03/2008 | Books | Rs. 2532.79 |